[Event "FRA-ch Blitz Online Qual"]
[Site "Europe Echecs INT"]
[Date "2020.05.16"]
[Round "15"]
[White "Hwang, Daniel"]
[Black "Ben Mohamed, Kader"]
[Result "1-0"]
[WhiteElo "1557"]
[BlackElo "1591"]
[PlyCount "59"]
[EventDate "2020.05.16"]
[EventType "swiss (blitz)"]
[EventRounds "15"]
[EventCountry "FRA"]
[SourceTitle "CBM 196 Extra"]
[Source "ChessBase"]
[SourceDate "2020.07.31"]
[SourceVersion "1"]
[SourceVersionDate "2020.07.31"]
[SourceQuality "1"]

1. e4 d5 2. exd5 Nf6 3. Bb5+ Bd7 4. Be2 Bf5 5. Nf3 Nxd5 6. 0-0 e6 7. d3 Bd6 8. Re1 0-0 9. Nbd2 Qf6 10. Nf1 Bg4 11. Bg5 Qg6 12. Qd2 h6 13. Nh4 Qh5 14. Ng3 Qxg5 15. Qxg5 hxg5 16. Bxg4 gxh4 17. Ne4 f5 18. Nxd6 cxd6 19. Bf3 Nf4 20. Bxb7 Nd7 21. Bxa8 Rxa8 22. g3 hxg3 23. fxg3 Nd5 24. Rxe6 Rf8 25. Rxd6 N7b6 26. a4 f4 27. a5 f3 28. axb6 axb6 29. Rxd5 f2+ 30. Kf1 1-0

[Event "FRA-ch Blitz Online Qual"]
[Site "Europe Echecs INT"]
[Date "2020.05.16"]
[Round "11"]
[White "Hwang, Daniel"]
[Black "Rieger, Lylian"]
[Result "1-0"]
[WhiteElo "1557"]
[BlackElo "1148"]
[PlyCount "57"]
[EventDate "2020.05.16"]
[EventType "swiss (blitz)"]
[EventRounds "15"]
[EventCountry "FRA"]
[SourceTitle "CBM 196 Extra"]
[Source "ChessBase"]
[SourceDate "2020.07.31"]
[SourceVersion "1"]
[SourceVersionDate "2020.07.31"]
[SourceQuality "1"]

1. e4 e5 2. Bc4 Nc6 3. Nc3 Nf6 4. d3 Bc5 5. f4 d6 6. Nf3 Be6 7. Bb3 Bxb3 8. axb3 Qd7 9. f5 0-0-0 10. Na4 Bb4+ 11. c3 Ba5 12. b4 Bb6 13. Nxb6+ cxb6 14. Qa4 Kb8 15. b5 Ne7 16. Qxa7+ Kc7 17. Be3 Qxb5 18. Qa2 Rhf8 19. c4 Qb4+ 20. Bd2 Qc5 21. b4 Qc6 22. 0-0 b5 23. Rfc1 Qb6+ 24. Kh1 Ng4 25. Be1 Kd7 26. c5 dxc5 27. bxc5 Qc6 28. h3 Nf6 29. Nxe5+ 1-0

[Event "FRA-ch Blitz Online Qual"]
[Site "Europe Echecs INT"]
[Date "2020.05.16"]
[Round "1"]
[White "Hwang, Daniel"]
[Black "Zanin, Dario"]
[Result "0-1"]
[WhiteElo "1557"]
[BlackElo "1918"]
[PlyCount "72"]
[EventDate "2020.05.16"]
[EventType "swiss (blitz)"]
[EventRounds "15"]
[EventCountry "FRA"]
[SourceTitle "CBM 196 Extra"]
[Source "ChessBase"]
[SourceDate "2020.07.31"]
[SourceVersion "1"]
[SourceVersionDate "2020.07.31"]
[SourceQuality "1"]

1. e4 e5 2. Bc4 Nf6 3. Nc3 Bc5 4. d3 d6 5. h3 h6 6. f4 Bxg1 7. Rxg1 Nc6 8. f5 Na5 9. Bb3 Nxb3 10. axb3 a6 11. Be3 d5 12. Bd2 d4 13. Ne2 c5 14. Ng3 Bd7 15. Nh5 Nxh5 16. Qxh5 Qf6 17. g4 0-0-0 18. g5 hxg5 19. Qxg5 Qxg5 20. Bxg5 f6 21. Bd2 Rxh3 22. 0-0-0 Rh7 23. b4 b6 24. bxc5 bxc5 25. b3 Rg8 26. Kb2 Be8 27. Ra1 Kb7 28. Rgf1 Bb5 29. Ra2 Rh2 30. Be1 Re2 31. Kb1 g6 32. fxg6 Rxg6 33. Kc1 Rgg2 34. Kd1 Bxd3 35. cxd3 Rxa2 36. Rxf6 Ra1# 0-1